| 000 | 00766nam a22002177a 4500 | ||
|---|---|---|---|
| 999 |
_c12707 _d12707 |
||
| 003 | AR-CdUCM | ||
| 008 | 190410b ||||| |||| 00| 0 spa d | ||
| 040 |
_aMUNICIPALIDAD PROVINCIAL DEL CUSCO _cBIBLIOTECA MUNICIPAL DEL CUSCO |
||
| 082 |
_a985.033 / _bB72 / 1976 |
||
| 100 |
_aBolo Hidalgo, Salomón _930707 |
||
| 245 |
_aMicaela Bastidas Puiucagua : _bla mujer más grande de América / |
||
| 260 |
_aLima : _bEnvolturas Comerciales, _c1977. |
||
| 300 |
_a670 páginas ; _bretrato, _c19 cm. |
||
| 505 | _aContenido: Composición de lugar -- Filosofía -- Historia -- Mujeres. | ||
| 650 |
_aHistoria _9136 |
||
| 650 |
_aPerú _935 |
||
| 650 |
_aEmancipación, 1808-1824 _93036 |
||
| 650 |
_aSiglo XVIII _9837 |
||
| 942 |
_2ddc _cLIBROS |
||
| 945 |
_aachl _d2019-04-10 |
||